The Moohummudan law of sale, according to the Huneefeea code: from the Futawa Alumgeeree, (Record no. 2033)

000 -LEADER
fixed length control field 01081cam a22002771 4500
001 - CONTROL NUMBER
control field 789837
003 - CONTROL NUMBER IDENTIFIER
control field OSt
005 - DATE AND TIME OF LATEST TRANSACTION
control field 20160203153416.0
008 - FIXED-LENGTH DATA ELEMENTS--GENERAL INFORMATION
fixed length control field 710907s1850 enk 000 0 eng
010 ## - LIBRARY OF CONGRESS CONTROL NUMBER
LC control number 74027685
020 ## - INTERNATIONAL STANDARD BOOK NUMBER
International Standard Book Number 9788192537009
040 ## - CATALOGING SOURCE
Original cataloging agency DLC
Transcribing agency DLC
Modifying agency DLC
041 1# - LANGUAGE CODE
Language code of text/sound track or separate title eng
Language code of original and/or intermediate translations of text ara
050 00 - LIBRARY OF CONGRESS CALL NUMBER
Classification number KBP874.4.F38213 1869
082 00 - DEWEY DECIMAL CLASSIFICATION NUMBER
Classification number 346/.072/0917671
-- 342.6720917671
Edition number 19
100 ## - MAIN ENTRY--PERSONAL NAME
Personal name Baillie, Neil
130 0# - MAIN ENTRY--UNIFORM TITLE
Uniform title Fatāwá al-ʻĀlamgīrīyah.
Form subheading Selections.
Language of a work English.
245 14 - TITLE STATEMENT
Title The Moohummudan law of sale, according to the Huneefeea code: from the Futawa Alumgeeree,
Remainder of title a digest of the whole law,
Statement of responsibility, etc prepared by command of the Emperor Aurungzebe Alumgeer. Selected and translated, from the original Arabic, with an introd. and explanatory notes, by Neil B. E. Baillie.
260 ## - PUBLICATION, DISTRIBUTION, ETC. (IMPRINT)
Place of publication, distribution, etc London,
Name of publisher, distributor, etc Smith, Elder,
Date of publication, distribution, etc 1869.
300 ## - PHYSICAL DESCRIPTION
Extent lxii, 352 p.
Dimensions 22 cm.
650 #0 - SUBJECT ADDED ENTRY--TOPICAL TERM
Topical term or geographic name as entry element Sales (Islamic law)
650 #0 - SUBJECT ADDED ENTRY--TOPICAL TERM
Topical term or geographic name as entry element Hanafites.
700 1# - ADDED ENTRY--PERSONAL NAME
Personal name Baillie, Neil B. E.
Fuller form of name (Neil Benjamin Edmonstone),
Dates associated with a name 1799-1883.
906 ## - LOCAL DATA ELEMENT F, LDF (RLIN)
a 7
b cbc
c orignew
d 3
e ocip
f 19
g y-gencatlg
942 ## - ADDED ENTRY ELEMENTS (KOHA)
Source of classification or shelving scheme
Koha item type Book
Holdings
Withdrawn status Lost status Source of classification or shelving scheme Damaged status Not for loan Home library Current library Shelving location Date acquired Total Checkouts Full call number Barcode Date last seen Date checked out Copy number Price effective from Koha item type
          Riara University Library Riara University Library General stack 03/02/2016 1 KBP874.4.F38213 1869 6805/16 30/03/2026 13/03/2026 C.1 03/02/2016 Book

Riara University Library,
P.O. Box 49940-00100,
Nairobi, Kenya.